|
|
|
|
| LEADER |
01858nam a2200385 4500 |
| 001 |
000009727 |
| 005 |
20130830105202.0 |
| 008 |
130828s1784 gw e ger |
| FMT |
|
|
|
| 040 |
|
|
|a SVKKK
|b slo
|c SVKKK
|e AACR2
|
| 041 |
0 |
|
|a ger
|
| 044 |
|
|
|a gw
|c DE
|
| 080 |
|
|
|a 343
|
| 080 |
|
|
|a 343.13
|
| 100 |
1 |
|
|a Meister, Christian Friedrich Georg
|d 1718-1782
|4 aut
|
| 245 |
1 |
0 |
|a Rechtliche Erkenntniße
|b Christian Friedrich Georg Meisters Königlich Großbritannischen Chur=Braunschweig=Lüneburgischen gewesenen Hofraths und ordentlichen Lehrers der Rechte auf der Georg=Augustus=Universität Rechtliche Erkenntniße und Gutachten in peinlichen Fällen, im Namen der Göttingischen Juristen=Facultät ausgearbeitet. Vierter Theil. von D. Georg Jacob Friedrich Meister, ausserordentlichen Lehrer der Rechte und Beisitzer der Juristen=Facultät daselbst herausgegeben
|
| 260 |
|
|
|a Göttingen,
|b bei Victorinus Boßiegel
|c 1784
|
| 300 |
|
|
|a [6],423-558 s. [3],A/2-Z/2,Aa/2-Ll/2 [=71] list.
|c 2°. 33,5x21 cm
|
| 500 |
|
|
|a Vinety ornam., vineta ornam.-fig., linky ozdobné, verz. na 2 r., typograf. ozdoby, kustódy, tlač dvojstĺpcová
|
| 500 |
|
|
|a V texte sa vyskytuje aj lat. jaz.
|
| 501 |
|
|
|a Prív. 1. k: MEISTER, Ch. F. G.: Rechtliche Erkenntniße ... Dritter Theil. Göttingen 1783. 2°.
|
| 510 |
4 |
|
|a GBV
|
| 653 |
1 |
|
|a tretstné právo
|
| 653 |
1 |
|
|a trestné konanie
|
| 700 |
1 |
|
|a Meister, Georg Jacob Friedrich
|d 1755-1832
|4 edt
|
| 710 |
0 |
|
|a Bossiegel, Viktorin I.
|c Göttingen
|d 1750-1789
|4 pbl
|
| 710 |
0 |
|
|a knižnice - Knižnica Právnickej akadémie
|c Košice
|4 sgn
|
| 752 |
|
|
|a Nemecko
|d Göttingen
|
| 852 |
|
|
|p K 5 PA prív. 1.
|
| 904 |
|
|
|a af--y----da------yyyb-1001--
|
| 905 |
|
|
|a afga1bb-
|5 -------
|
| 910 |
|
|
|a svkkk
|
| 998 |
|
|
|a ST18
|
| BAS |
|
|
|
| LKR |
|
|
|a UP
|b 9726
|l HIS01
|n Rechtliche Erkenntniße
|m Rechtliche Erkenntniße
|